Estudios de Literatura universal / (Registro nro. 23021)

Detalles MARC
000 -LEADER
campo de control de longitud fija 02210cam a22005054i 4500
003 - IDENTIFICADOR DE NÚMERO DE CONTROL
campo de control PE-LiUPU
005 - FECHA Y HORA DE LA ÚLTIMA TRANSACCIÓN
campo de control 20250731184531.0
008 - DATOS DE LONGITUD FIJA--INFORMACIÓN GENERAL
campo de control de longitud fija 150623s r 000 0 d
035 ## - NÚMERO DE CONTROL DEL SISTEMA
Número de control de sistema (Sirsi) a22449
040 ## - FUENTE DE CATALOGACIÓN
Centro catalogador/agencia de origen PE-LiUPU
Lengua de catalogación spa
Centro/agencia transcriptor PE-LiUPU
Normas de descripción rda
082 04 - NÚMERO DE LA CLASIFICACIÓN DECIMAL DEWEY
Número de clasificación 985.001
Cutter R616e
Número de edición 21
100 1# - ENTRADA PRINCIPAL--NOMBRE DE PERSONA
Nombre de persona Riva Agüero y Osma, José de la,
Fechas asociadas al nombre 1885-1944,
Término indicativo de función/relación autor.
9 (RLIN) 5469
245 10 - MENCIÓN DEL TÍTULO
Título Estudios de Literatura universal /
Mención de responsabilidad, etc. José de la Riva Agüero; Prólogo de Aurelio Miró-Quesada Sosa, recopilación y notas de César Pacheco Vélez.
264 #1 - PRODUCCIÓN, PUBLICACIÓN, DISTRIBUCIÓN, FABRICACIÓN Y COPYRIGHT
Producción, publicación, distribución, fabricación y copyright Lima :
Nombre del de productor, editor, distribuidor, fabricante Pontificia Universidad Catolica del Perú,
Fecha de producción, publicación, distribución, fabricación o copyright 1963.
300 ## - DESCRIPCIÓN FÍSICA
Extensión 552 páginas ;
Dimensiones 20 centímetros.
336 ## - TIPO DE CONTENIDO
Término de tipo de contenido text
Fuente rdacontent
337 ## - TIPO DE MEDIO
Nombre/término del tipo de medio unmediated
Fuente rdamedia
338 ## - TIPO DE SOPORTE
Nombre/término del tipo de soporte volume
Fuente rdacarrier
490 0# - MENCIÓN DE SERIE
Mención de serie (Obras Completas de José de la Riva-Agüero ;
Designación de volumen o secuencia III)
490 0# - MENCIÓN DE SERIE
Mención de serie (Publicaciones del Instituto Riva-Agüero ;
Designación de volumen o secuencia 44)
504 ## - NOTA DE BIBLIOGRAFÍA, ETC.
Nota de bibliografía, etc. Incluye índice
505 0# - NOTA DE CONTENIDO CON FORMATO
Nota de contenido con formato LITERATURA ESPAÑOLA E HISPANOAMERICANA -- Cervantes -- La Galatea -- Lope de Vega -- San Juan de la Cruz -- Sobre la poesía de Mendilaharsu -- Domingo Faustino Sarmiento -- LITERATURA FRANCESA -- Estudios de literatura francesa -- La influencia francesa -- LITERATURA ITALIANA -- Goldoni y su influencia en España -- D'Annunzio -- Roma en el arte de D'Annunzio -- LITERATURA ALEMANA -- Goethe.
526 ## - NOTA DE INFORMACIÓN SOBRE EL PROGRAMA DE ESTUDIO
Nombre del programa Doctorado En Educación Con Mención En Currículo Y Docencia (A Distancia)
526 ## - NOTA DE INFORMACIÓN SOBRE EL PROGRAMA DE ESTUDIO
Nombre del programa Doctorado En Educación Con Mención En Currículo Y Docencia (Semipresencial)
526 ## - NOTA DE INFORMACIÓN SOBRE EL PROGRAMA DE ESTUDIO
Nombre del programa Doctorado En Educación Con Mención En Gestión Educativa (A Distancia)
526 ## - NOTA DE INFORMACIÓN SOBRE EL PROGRAMA DE ESTUDIO
Nombre del programa Doctorado En Educación Con Mención En Gestión Educativa (Semipresencial)
526 ## - NOTA DE INFORMACIÓN SOBRE EL PROGRAMA DE ESTUDIO
Nombre del programa Derecho semipresencial
526 ## - NOTA DE INFORMACIÓN SOBRE EL PROGRAMA DE ESTUDIO
Nombre del programa Derecho presencial
526 ## - NOTA DE INFORMACIÓN SOBRE EL PROGRAMA DE ESTUDIO
Nombre del programa Maestría en teología histórica
526 ## - NOTA DE INFORMACIÓN SOBRE EL PROGRAMA DE ESTUDIO
Nombre del programa Teología
526 ## - NOTA DE INFORMACIÓN SOBRE EL PROGRAMA DE ESTUDIO
Nombre del programa Educación primaria
526 ## - NOTA DE INFORMACIÓN SOBRE EL PROGRAMA DE ESTUDIO
Nombre del programa Educación secundaria, especialidad lingüística e inglés
526 ## - NOTA DE INFORMACIÓN SOBRE EL PROGRAMA DE ESTUDIO
Nombre del programa Educación secundaria, especialidad ambiental, biología y química
526 ## - NOTA DE INFORMACIÓN SOBRE EL PROGRAMA DE ESTUDIO
Nombre del programa Arquitectura
650 00 - PUNTO DE ACCESO ADICIONAL DE MATERIA--TÉRMINO DE MATERIA
Término de materia o nombre geográfico como elemento de entrada Literatura peruana
Subdivisión general Historia y crítica.
9 (RLIN) 2261
650 04 - PUNTO DE ACCESO ADICIONAL DE MATERIA--TÉRMINO DE MATERIA
Término de materia o nombre geográfico como elemento de entrada Literatura española
Subdivisión de forma Ensayos, conferencias, etc.
650 04 - PUNTO DE ACCESO ADICIONAL DE MATERIA--TÉRMINO DE MATERIA
Término de materia o nombre geográfico como elemento de entrada Literatura latinoamericana
Subdivisión de forma Ensayos, conferencias, etc.
700 ## - ENTRADA AGREGADA--NOMBRE PERSONAL
Nombre de persona Miró-Quesada Sosa, Aurelio
Fechas asociadas al nombre 1907-1998
9 (RLIN) 2263
700 ## - ENTRADA AGREGADA--NOMBRE PERSONAL
Nombre de persona Pacheco Vélez, César,
Fechas asociadas al nombre 1929-1989.
9 (RLIN) 2256
710 ## - ENTRADA AGREGADA--NOMBRE DE ENTIDAD CORPORATIVA
Nombre de entidad corporativa o nombre de jurisdicción como elemento de entrada Pontificia Universidad Católica del Perú.
9 (RLIN) 2255
942 ## - ELEMENTOS DE ENTRADA SECUNDARIOS (KOHA)
Fuente del sistema de clasificación o colocación Clasificación Decimal Dewey
Tipo de ítem Koha Libros físicos
949 ## - PROCESAMIENTO DE INFORMACIÓN LOCAL (OCLC)
a 869.56 Z2
w DEWEY
c 1
i 46239
l CCODEBUL1
m BUL
p 00.00
r 0
s Y
t BOOK
u 2015-06-24
x EDUCACION
z UNKNOWN
0 COMPRA
o .STAFF. Colección General
980 ## - EQUIVALENCIA O REFERENCIA-CRUZADA-MENCIÓN DE SERIE--NOMBRE DE PERSONA/TÍTULO [LOCAL, CANADÁ]
ID del último usuario que modificó el registro 1
Nombre del último usuario que modificó el registro ALBERTO SANCHEZ Responsable de Automatización
Existencias
Visto por última vez Número de inventario Total de préstamos Signatura topográfica completa Código de barras Copia número Coste, precio de reemplazo Fecha de reemplazo Facultad Tipo de ítem Koha Nota pública Estado de pérdida Fuente del sistema de clasificación o colocación Especificación de materiales (volumen encuadernado u otra parte) Restricciones de uso No para préstamo Colección Programa académico Biblioteca de origen Biblioteca actual Ubicación en estantería Fecha de adquisición Fuente de adquisición Coste, precio normal de compra
2025-12-03 6   985.001 R616e 08290 e2 33.00 2015-04-21 FACIHED Libros físicos inventario-2023-12-13 No Perdido Clasificación Decimal Dewey v3 No restringido Disponible para préstamos Colección General Educación secundaria, especialidad lingüística e inglés Biblioteca CRAI UPeU Lima Biblioteca CRAI UPeU Lima Sala principal 2015-04-21 COMPRA 28.00
2025-12-03 6   985.001 R616e 46239 e1   2015-06-24 FACIHED Libros físicos inventario-2023-12-13 No Perdido Clasificación Decimal Dewey v3 No restringido Disponible para préstamos Colección General Educación secundaria, especialidad lingüística e inglés Biblioteca CRAI UPeU Lima Biblioteca CRAI UPeU Lima Sala principal 2015-06-24 COMPRA